[Event "XV C.to Mondiale seniores"]
[Site "Lignano Sabbiadoro ITA"]
[Date "2005.09.29"]
[Round "2"]
[White "Loktiev, Ivan"]
[Black "Limberg, Siegfried"]
[Result "1-0"]
[WhiteElo "2396"]
[BlackElo "2143"]
[PlyCount "101"]
[EventDate "2005.09.28"]

1. d4 Nf6 2. Nf3 b6 3. Bg5 Bb7 4. e3 e6 5. Bd3 Be7 6. c4 d6 7. Nc3 Nbd7 8. O-O
O-O 9. Qe2 c5 10. Rfd1 cxd4 11. exd4 d5 12. b3 Rc8 13. Rac1 Re8 14. Ne5 Nf8 15.
h3 N6d7 16. Bf4 Bg5 17. Nxf7 Kxf7 18. Qh5+ g6 19. Qxg5 Qxg5 20. Bxg5 a6 21.
cxd5 exd5 22. Ne2 Ne6 23. Be3 Nf6 24. Rxc8 Rxc8 25. f3 Ne8 26. Kf2 Nd6 27. g4
Ke7 28. Nf4 Nxf4 29. Bxf4 Nb5 30. Be5 Nc3 31. Rd2 b5 32. Ke3 b4 33. h4 a5 34.
h5 Rc6 35. hxg6 hxg6 36. g5 Ba6 37. Bxa6 Rxa6 38. Rh2 a4 39. Kd2 axb3 40. axb3
Ra3 41. Rh7+ Ke6 42. Rg7 Kf5 43. Rf7+ Ke6 44. Rf6+ Kd7 45. Rxg6 Rxb3 46. Kc2
Ra3 47. Rb6 Ne2 48. g6 Rxf3 49. Rb7+ Ke6 50. g7 Nxd4+ 51. Bxd4 1-0

[Event "XV C.to Mondiale seniores"]
[Site "Lignano Sabbiadoro ITA"]
[Date "2005.09.29"]
[Round "2"]
[White "MacDonald-Ross, Michael"]
[Black "Dinser, Hans"]
[Result "1/2-1/2"]
[WhiteElo "2233"]
[BlackElo "1997"]
[PlyCount "75"]
[EventDate "2005.09.28"]

1. d4 e5 2. dxe5 Nc6 3. Nf3 Qe7 4. g3 Nxe5 5. Nxe5 Qxe5 6. Bg2 Nf6 7. O-O d6 8.
Nc3 Be7 9. e4 O-O 10. Be3 c6 11. h3 Ne8 12. Qd2 Qh5 13. g4 Qa5 14. Nd5 Qd8 15.
Nxe7+ Qxe7 16. Rad1 Be6 17. Rfe1 f6 18. a4 b6 19. a5 Rb8 20. axb6 axb6 21. Bf4
Rd8 22. Re3 Rf7 23. Rd3 Qf8 24. Bxd6 Nxd6 25. Rxd6 Rfd7 26. Rxd7 Rxd7 27. Qe1
Rxd1 28. Qxd1 Qe7 29. Qd4 c5 30. Qa4 Qd8 31. Bf3 Kf7 32. Kg2 g5 33. Qc6 Ke7 34.
Qb7+ Bd7 35. e5 fxe5 36. Bc6 Qc8 37. Qxc8 Bxc8 38. Be4 1/2-1/2

[Event "XV C.to Mondiale seniores"]
[Site "Lignano Sabbiadoro ITA"]
[Date "2005.09.29"]
[Round "2"]
[White "Mayers, Dan E."]
[Black "Florio, Italo"]
[Result "1-0"]
[WhiteElo "2011"]
[BlackElo "1511"]
[PlyCount "97"]
[EventDate "2005.09.28"]

1. e4 d6 2. d4 Nf6 3. Bd3 c6 4. c4 e5 5. Ne2 Be7 6. Nbc3 Bg4 7. f3 Bh5 8. Be3
Na6 9. h4 h6 10. a3 Bg6 11. Qd2 Nd7 12. g3 c5 13. d5 Nc7 14. Bc2 a6 15. Ba4 O-O
16. Qd3 Nb6 17. Bc2 Nd7 18. Rd1 Rb8 19. b4 b6 20. Kd2 Ra8 21. Kc1 a5 22. b5 f5
23. h5 Bh7 24. f4 Ne8 25. Rh2 Nef6 26. exf5 Ng4 27. Rg2 Bxf5 28. Ne4 Nxe3 29.
Qxe3 exf4 30. gxf4 Bh7 31. Rdg1 Rf7 32. f5 Kh8 33. Nf4 Ne5 34. Rxg7 Rxg7 35.
Rxg7 Bg5 36. Nxg5 hxg5 37. Ne6 Qf6 38. Qxg5 Qxg5+ 39. Rxg5 Nxc4 40. f6 Bg8 41.
Nf4 Ne5 42. Ng6+ Kh7 43. Nxe5+ Kh6 44. Rg6+ Kxh5 45. Bd1+ Kh4 46. f7 Bh7 47.
Rh6+ Kg5 48. Rxh7 dxe5 49. Rg7+ 1-0

[Event "XV C.to Mondiale seniores"]
[Site "Lignano Sabbiadoro ITA"]
[Date "2005.09.29"]
[Round "2"]
[White "Miessner, Rolf"]
[Black "Korhonen, Erkki"]
[Result "1/2-1/2"]
[WhiteElo "1773"]
[BlackElo "2031"]
[PlyCount "37"]
[EventDate "2005.09.28"]

1. e4 c5 2. Nc3 e6 3. g3 Nc6 4. Bg2 Nge7 5. Nge2 d5 6. exd5 exd5 7. d3 d4 8.
Ne4 Ng6 9. O-O Be7 10. f4 O-O 11. Rf2 f5 12. Nd2 Be6 13. Nf3 Nb4 14. Bd2 Nd5
15. Qc1 Bf6 16. c4 dxc3 17. bxc3 Rb8 18. d4 b6 19. Ne5 1/2-1/2

[Event "XV C.to Mondiale seniores"]
[Site "Lignano Sabbiadoro ITA"]
[Date "2005.09.29"]
[Round "2"]
[White "Neumann, Horst"]
[Black "Recubini, Dante"]
[Result "1-0"]
[WhiteElo "2003"]
[BlackElo "1481"]
[PlyCount "91"]
[EventDate "2005.09.28"]

1. d4 d5 2. Nf3 Nf6 3. Bg5 e6 4. Nbd2 Be7 5. e3 O-O 6. Bd3 Nc6 7. a3 b6 8. O-O
Bb7 9. Rc1 a5 10. c4 dxc4 11. Nxc4 Nb8 12. Nce5 Ba6 13. Nc6 Nxc6 14. Rxc6 Bxd3
15. Qxd3 h6 16. Bxf6 Bxf6 17. Qc3 Rc8 18. Rc1 Qd7 19. Rxc7 Rxc7 20. Qxc7 Qxc7
21. Rxc7 Bd8 22. Rc6 g6 23. Ne5 Re8 24. Kf1 Kg7 25. a4 Re7 26. Rc8 Bc7 27. Nc4
h5 28. f4 f5 29. h4 Kf7 30. Ke2 Kf6 31. Kd3 Kf7 32. Kc3 Kg7 33. Ra8 Kh7 34. Ra7
Kg7 35. g3 Kf7 36. Rb7 Bd8 37. Ne5+ Kf6 38. Rxe7 Bxe7 39. Nc6 Bf8 40. Kc4 Bd6
41. Kb5 Bc7 42. Ka6 Kf7 43. Kb7 Bxf4 44. exf4 Ke8 45. Kxb6 Kd7 46. Ne5+ 1-0

[Event "XV C.to Mondiale seniores"]
[Site "Lignano Sabbiadoro ITA"]
[Date "2005.09.29"]
[Round "2"]
[White "Ousatchi, Mark"]
[Black "Shestoperov, Aleksej"]
[Result "0-1"]
[WhiteElo "2169"]
[BlackElo "2432"]
[PlyCount "56"]
[EventDate "2005.09.28"]

1. d4 Nf6 2. Nf3 g6 3. c4 Bg7 4. Nc3 O-O 5. Bg5 c5 6. d5 h6 7. Bd2 e6 8. e3
exd5 9. cxd5 d6 10. Bd3 Na6 11. a3 Nc7 12. Bc4 b5 13. Nxb5 Ncxd5 14. O-O Nb6
15. Be2 Ne4 16. Nc3 d5 17. a4 Bf5 18. Qc1 Nxd2 19. Qxd2 d4 20. e4 dxc3 21. Qxd8
Rfxd8 22. exf5 cxb2 23. Ra3 c4 24. a5 c3 25. Raa1 bxa1=Q 26. Rxa1 c2 27. Rc1
Rac8 28. axb6 Bb2 0-1

[Event "XV C.to Mondiale seniores"]
[Site "Lignano Sabbiadoro ITA"]
[Date "2005.09.29"]
[Round "2"]
[White "Pipitone, Antonio"]
[Black "Parla, Aldo"]
[Result "1-0"]
[WhiteElo "2041"]
[BlackElo "1610"]
[PlyCount "67"]
[EventDate "2005.09.28"]

1. e4 d6 2. d4 Nf6 3. Nc3 c6 4. Be2 e5 5. Nf3 Nbd7 6. O-O g6 7. h3 Bg7 8. Be3
O-O 9. Qd2 b5 10. a3 Re8 11. dxe5 Nxe5 12. Nd4 Qc7 13. Rad1 Nc4 14. Bxc4 bxc4
15. f3 Nh5 16. Nde2 Be5 17. f4 Bxc3 18. Nxc3 Ng3 19. Rfe1 Nxe4 20. Nxe4 Rxe4
21. Qxd6 Qxd6 22. Rxd6 Bb7 23. Rd7 Rb8 24. Kf2 Ba6 25. Rxa7 Bb7 26. Rd1 Rbe8
27. Rxb7 Rxe3 28. Rd2 R3e4 29. g3 R8e6 30. c3 h6 31. Rbd7 Kg7 32. R7d4 f5 33.
Rxe4 fxe4 34. Ke3 1-0

[Event "XV C.to Mondiale seniores"]
[Site "Lignano Sabbiadoro ITA"]
[Date "2005.09.29"]
[Round "2"]
[White "Profaizer, Gino"]
[Black "Villing, Dieter"]
[Result "0-1"]
[WhiteElo "2017"]
[BlackElo "2259"]
[PlyCount "58"]
[EventDate "2005.09.28"]

1. d4 d6 2. Nf3 Nd7 3. c4 e5 4. Nc3 c6 5. e4 Ngf6 6. Be2 Be7 7. O-O O-O 8. Re1
Re8 9. Bf1 a6 10. a4 a5 11. h3 Qc7 12. b3 Nf8 13. d5 Ng6 14. g3 Bd7 15. Qd3
Rac8 16. Ba3 cxd5 17. Nxd5 Nxd5 18. Qxd5 Bc6 19. Qd3 f5 20. exf5 e4 21. Qc2 Bf6
22. Rad1 Ne7 23. Bxd6 Qb6 24. c5 Qb4 25. Bc4+ Kh8 26. Nd4 Bxd4 27. Rxe4 Bxe4
28. Qxe4 Nc6 29. Qh4 Re1+ 0-1

[Event "XV C.to Mondiale seniores"]
[Site "Lignano Sabbiadoro ITA"]
[Date "2005.09.29"]
[Round "2"]
[White "Serra Olives, Tomas"]
[Black "Belloni, Umberto"]
[Result "1/2-1/2"]
[WhiteElo "2128"]
[BlackElo "1910"]
[PlyCount "223"]
[EventDate "2005.09.28"]

1. e4 e6 2. d4 d5 3. Nc3 dxe4 4. Nxe4 Nf6 5. Nxf6+ gxf6 6. Nf3 c5 7. Be3 Qb6 8.
Bd3 Nc6 9. O-O cxd4 10. Nxd4 Bc5 11. Nb5 Ne5 12. Bf4 a6 13. Nc3 Ng6 14. Bg3 Bd7
15. Ne4 Be7 16. c4 f5 17. c5 Qd8 18. Nd6+ Bxd6 19. Bxd6 Qf6 20. Re1 Bc6 21. Qh5
O-O-O 22. b4 Rxd6 23. cxd6 Nf4 24. Qd1 Nxg2 25. Rc1 Qg5 26. Kf1 Nxe1 27. Kxe1
Qf4 28. Bxa6 Qe4+ 29. Qe2 Qxb4+ 30. Kf1 Kd7 31. Bc4 Qa5 32. Qh5 Rf8 33. a4 Qe5
34. Rd1 Qg7 35. Qh4 Re8 36. Qf4 Rg8 37. Bb5 Qg1+ 38. Ke2 Bxb5+ 39. axb5 Qg4+
40. Qxg4 Rxg4 41. Rc1 Kxd6 42. b6 Rb4 43. Rc7 Rxb6 44. Rxf7 Rb2+ 45. Kf3 Rb3+
46. Kg2 h5 47. Rh7 Rb4 48. Rxh5 Rg4+ 49. Kf3 b5 50. Rh8 Ke5 51. Rb8 b4 52. Rb5+
Kd6 53. h3 Rc4 54. Ke3 Rh4 55. f3 Ke7 56. Kf2 Kf6 57. Kg3 Rc4 58. Rb6 Rd4 59.
h4 Rc4 60. Rb7 Ke5 61. h5 Kf6 62. h6 Rc1 63. Rxb4 Rh1 64. Rb6 Rxh6 65. Kf4 Rh4+
66. Ke3 Ra4 67. Rc6 f4+ 68. Ke2 Rd4 69. Ra6 Ke5 70. Ra5+ Rd5 71. Ra4 Rb5 72.
Re4+ Kf5 73. Ra4 Rb2+ 74. Ke1 Rb5 75. Ke2 Rb2+ 76. Ke1 Rb5 77. Ke2 Re5+ 78. Kf2
Kg5 79. Rb4 Rf5 80. Ra4 Kh4 81. Ra1 Kg5 82. Ra4 Rb5 83. Ke2 Kf5 84. Rc4 Re5+
85. Kf2 Ra5 86. Ke2 Ra6 87. Rb4 Rc6 88. Ra4 e5 89. Ra5 Rb6 90. Rc5 Ke6 91. Ra5
Rc6 92. Kd3 Rb6 93. Ke2 Kd6 94. Ra1 Rc6 95. Kd3 Kd5 96. Ra5+ Rc5 97. Ra8 Rc6
98. Ra5+ Ke6 99. Ke2 Rc3 100. Rb5 Rc6 101. Kf2 Rd6 102. Ke2 Rd5 103. Rb6+ Kf5
104. Ra6 e4 105. fxe4+ Kxe4 106. Ra3 Rb5 107. Ra4+ Ke5 108. Rc4 Rb2+ 109. Kf3
Rb3+ 110. Kf2 Rd3 111. Ra4 Kf5 112. Ra1 1/2-1/2

[Event "XV C.to Mondiale seniores"]
[Site "Lignano Sabbiadoro ITA"]
[Date "2005.09.29"]
[Round "2"]
[White "Sevenyuk, Alexey"]
[Black "Rosenfeld, Imre"]
[Result "1-0"]
[WhiteElo "1836"]
[BlackElo "2047"]
[PlyCount "129"]
[EventDate "2005.09.28"]

1. Nf3 d5 2. b3 Nf6 3. Bb2 g6 4. g3 Bg7 5. Bg2 O-O 6. O-O c5 7. d3 Nc6 8. Nbd2
b6 9. e4 dxe4 10. dxe4 Ba6 11. Re1 Qc7 12. Nc4 Bxc4 13. bxc4 Rad8 14. Qc1 Nd7
15. Bxg7 Kxg7 16. Qb2+ Kg8 17. e5 e6 18. Re4 Kg7 19. Rae1 Ndb8 20. Rh4 h6 21.
Qc1 Rh8 22. Qe3 Ne7 23. Re4 Nf5 24. Qf4 Qe7 25. Bf1 Nc6 26. c3 h5 27. h4 Rd7
28. Bh3 Nh6 29. R4e2 Rhd8 30. Rd2 Ng8 31. Red1 Rxd2 32. Rxd2 Rxd2 33. Qxd2 Qd8
34. Qxd8 Nxd8 35. Ng5 Nc6 36. f4 Nge7 37. Ne4 Na5 38. Nd6 Kf8 39. Kf2 Nec6 40.
Kf3 Nd8 41. g4 hxg4+ 42. Kxg4 Ndb7 43. Nxb7 Nxb7 44. Kg5 Ke7 45. Bg2 Na5 46.
Bf1 Nc6 47. Bd3 Nb8 48. Bxg6 Kf8 49. Be4 Na6 50. Bc6 Kg7 51. h5 Nc7 52. h6+ Kg8
53. Kf6 a6 54. a4 Kh7 55. Kxf7 Kxh6 56. Bd7 Kh5 57. Bxe6 b5 58. cxb5 axb5 59.
axb5 Nxb5 60. c4 Nd4 61. Kf6 Nc2 62. Bd5 Ne3 63. e6 Ng4+ 64. Kg7 Nh6 65. Be4
1-0

[Event "XV C.to Mondiale seniores"]
[Site "Lignano Sabbiadoro ITA"]
[Date "2005.09.29"]
[Round "2"]
[White "Smits, Oswald"]
[Black "Karl, Hans"]
[Result "0-1"]
[WhiteElo "1962"]
[BlackElo "2290"]
[PlyCount "110"]
[EventDate "2005.09.28"]

1. d4 Nf6 2. Nf3 c5 3. c4 e6 4. Nc3 d5 5. cxd5 exd5 6. e3 Nc6 7. Be2 Be7 8. O-O
O-O 9. dxc5 Bxc5 10. a3 a6 11. b4 Ba7 12. Bb2 Be6 13. Rc1 Rc8 14. b5 axb5 15.
Nxb5 Bb8 16. Nbd4 Ne4 17. Bb5 Qb6 18. a4 Bg4 19. h3 Be6 20. Ba3 Rfd8 21. Qe2
Nc3 22. Qb2 Nxd4 23. exd4 Nxb5 24. Bc5 Qc7 25. axb5 Qf4 26. Qd2 Qf5 27. Qe2 Re8
28. b6 h6 29. Qc2 Qh5 30. Nh2 Bf5 31. Qd1 Qg6 32. Qf3 Re4 33. Kh1 h5 34. Rg1
Rce8 35. Nf1 h4 36. Ne3 Be6 37. Rce1 Qg5 38. Ng4 Bxg4 39. Rxe4 Rxe4 40. hxg4
Rxg4 41. Qh3 f5 42. Qb3 f4 43. Qh3 Kh7 44. Be7 Qh5 45. Qd3+ Kh6 46. Qh3 Kh7 47.
f3 Rg6 48. Qc8 Bd6 49. Bd8 Bb4 50. Bc7 Bd2 51. Be5 Be3 52. Ra1 Qg5 53. Ra2 h3
54. g4 fxg3 55. Qc3 g2+ 0-1

[Event "XV C.to Mondiale seniores"]
[Site "Lignano Sabbiadoro ITA"]
[Date "2005.09.29"]
[Round "2"]
[White "Standal, Bard"]
[Black "Seuss, Oswald"]
[Result "0-1"]
[WhiteElo "1937"]
[BlackElo "2080"]
[PlyCount "100"]
[EventDate "2005.09.28"]

1. Nf3 c5 2. e4 Nc6 3. d3 g6 4. Nbd2 Bg7 5. g3 e5 6. Bg2 Nge7 7. O-O O-O 8. c3
d6 9. Qe2 h6 10. Re1 Be6 11. Nf1 Rb8 12. h4 b5 13. Be3 b4 14. Qd2 Kh7 15. N1h2
bxc3 16. bxc3 Qa5 17. g4 d5 18. Qc2 Rb6 19. Reb1 Rfb8 20. Rxb6 Rxb6 21. Bd2
dxe4 22. dxe4 Nc8 23. Bf1 Nd6 24. g5 h5 25. Ne1 Nc4 26. Bxc4 Bxc4 27. Nhf3 Qa6
28. Be3 Bf8 29. Nd2 Na5 30. Nxc4 Nxc4 31. Bc1 Qc8 32. Qe2 Qe6 33. Ng2 Nd6 34.
Ba3 Nb5 35. Bb2 c4 36. a4 Nd6 37. Ba3 Kg8 38. f3 Rb3 39. Bb4 Nb7 40. Bxf8 Kxf8
41. Qd2 Qb6+ 42. Ne3 Rb2 43. Qe1 Na5 44. Kh1 Qe6 45. Qf1 Kg7 46. Nd5 Nb3 47.
Rd1 Nc5 48. Nf6 Nd3 49. Kg1 Qb6+ 50. Kh1 Nf2+ 0-1

[Event "XV C.to Mondiale seniores"]
[Site "Lignano Sabbiadoro ITA"]
[Date "2005.09.29"]
[Round "2"]
[White "Strenzwilk, Denis"]
[Black "Zhelesny, Stanislav"]
[Result "1/2-1/2"]
[WhiteElo "2104"]
[BlackElo "2277"]
[PlyCount "48"]
[EventDate "2005.09.28"]

1. e4 c6 2. d4 d5 3. Nc3 dxe4 4. Nxe4 Nd7 5. Nf3 Ngf6 6. Bd3 Nxe4 7. Bxe4 Nf6
8. Bd3 Bg4 9. c3 e6 10. O-O Be7 11. Bf4 O-O 12. h3 Bh5 13. a4 Nd5 14. Bg3 Bd6
15. Bxd6 Qxd6 16. Re1 Qf4 17. Be2 Qc7 18. Ne5 Bxe2 19. Qxe2 Rae8 20. a5 f6 21.
Nd3 Nf4 22. Nxf4 Qxf4 23. Qc4 Qd6 24. Re2 Qd5 1/2-1/2

[Event "XV C.to Mondiale seniores"]
[Site "Lignano Sabbiadoro ITA"]
[Date "2005.09.29"]
[Round "2"]
[White "Taksrud, Vidar"]
[Black "Thonig, Manfred"]
[Result "1-0"]
[WhiteElo "2049"]
[BlackElo "1836"]
[PlyCount "37"]
[EventDate "2005.09.28"]

1. d4 f5 2. g3 b6 3. Bg2 Nc6 4. d5 Na5 5. Nc3 Nf6 6. Nh3 Bb7 7. O-O e5 8. dxe6
Bxg2 9. exd7+ Nxd7 10. Kxg2 c6 11. Qd3 Qf6 12. Bg5 Qf7 13. e4 h6 14. exf5 hxg5
15. Nxg5 Rxh2+ 16. Kxh2 Qh5+ 17. Kg2 Nc5 18. Rfe1+ Be7 19. Qe3 1-0

[Event "XV C.to Mondiale seniores"]
[Site "Lignano Sabbiadoro ITA"]
[Date "2005.09.29"]
[Round "2"]
[White "Tavcar, Rado"]
[Black "Gruzmann, Boris"]
[Result "0-1"]
[WhiteElo "2110"]
[BlackElo "2278"]
[PlyCount "94"]
[EventDate "2005.09.28"]

1. d4 Nf6 2. c4 d6 3. Nc3 g6 4. e4 Bg7 5. Be2 O-O 6. Nf3 Bg4 7. O-O Nfd7 8. Be3
e5 9. d5 a5 10. h3 Bxf3 11. Bxf3 f5 12. Qc2 Na6 13. a3 Qh4 14. Rab1 Bh6 15.
Bxh6 Qxh6 16. b4 axb4 17. axb4 Rf7 18. Qe2 Raf8 19. Qe3 Qxe3 20. fxe3 Nf6 21.
Rfc1 Kg7 22. Rc2 Kh6 23. exf5 gxf5 24. e4 fxe4 25. Nxe4 Nxe4 26. Bxe4 Rf4 27.
Re2 Rh4 28. Rb3 Rff4 29. g4 Kg5 30. c5 h5 31. Bf5 Rxb4 32. Rxb4 Nxb4 33. Be6
Nd3 34. cxd6 cxd6 35. gxh5 Nf4 36. Rb2 Nxe6 37. dxe6 Kf6 38. Rxb7 Kxe6 39. Kg2
Rxh5 40. Kg3 Kf5 41. Rf7+ Ke4 42. Kg4 Rh8 43. Rg7 d5 44. h4 d4 45. h5 d3 46.
Kg5 Rd8 47. h6 d2 0-1

[Event "XV C.to Mondiale seniores"]
[Site "Lignano Sabbiadoro ITA"]
[Date "2005.09.29"]
[Round "2"]
[White "Titz, Heimo"]
[Black "Vasiukov, Evgeni A."]
[Result "0-1"]
[WhiteElo "2184"]
[BlackElo "2495"]
[PlyCount "118"]
[EventDate "2005.09.28"]

1. c4 e5 2. Nc3 Bb4 3. g3 Nf6 4. Bg2 O-O 5. Nf3 Re8 6. O-O c6 7. d3 Bxc3 8.
bxc3 h6 9. e4 d5 10. cxd5 cxd5 11. exd5 Nxd5 12. Qb3 Nb6 13. Rd1 Nc6 14. Be3
Bg4 15. h3 Be6 16. c4 Qc8 17. Bxb6 axb6 18. Kh2 Qc7 19. Re1 Red8 20. Rab1 Ra6
21. a4 f6 22. Re3 Bf7 23. Rb2 g5 24. Nd2 Nd4 25. Qd1 Kg7 26. Ne4 Be8 27. Nc3
Rda8 28. Qb1 Bc6 29. Nd5 Bxd5 30. Bxd5 b5 31. Qh1 Rxa4 32. Bxb7 R8a7 33. Bd5
Ra2 34. Qc1 b4 35. Re1 b3 36. Kg2 Qc5 37. Rf1 Qb4 38. Rb1 Rc2 39. Qe1 Qxe1 40.
Rfxe1 Raa2 41. Rf1 Rc3 42. Rbd1 f5 43. c5 Ra5 44. Rc1 Raxc5 45. Bc4 Rxc1 46.
Rxc1 Ra5 47. Rb1 Ra3 48. Kf1 Kf6 49. Ke1 f4 50. gxf4 gxf4 51. Rb2 Ra1+ 52. Kd2
Rf1 53. Kc3 Rc1+ 54. Kd2 Rc2+ 55. Rxc2 bxc2 56. Bd5 Kg5 57. Bg2 f3 58. Bf1 h5
59. Kc1 h4 0-1

[Event "XV C.to Mondiale seniores"]
[Site "Lignano Sabbiadoro ITA"]
[Date "2005.09.29"]
[Round "2"]
[White "Trifunovic, Dusan"]
[Black "Malmdin, Nils Ake"]
[Result "0-1"]
[WhiteElo "2019"]
[BlackElo "2222"]
[PlyCount "50"]
[EventDate "2005.09.28"]

1. e4 d5 2. exd5 Nf6 3. Nc3 g6 4. d4 Bg7 5. Nge2 Nxd5 6. Nxd5 Qxd5 7. c3 e5 8.
Be3 Nc6 9. dxe5 Qxe5 10. Qd2 Bf5 11. Bf4 Qe7 12. Qe3 O-O-O 13. Qxe7 Nxe7 14.
Bd2 Rd7 15. Ng3 Rhd8 16. Bg5 Re8 17. Be2 h6 18. Bxe7 Rdxe7 19. Rd1 h5 20. h4
Bh6 21. Kf1 Bc2 22. Rd4 Bc1 23. b3 f5 24. f4 Be3 25. Bb5 c6 0-1

[Event "XV C.to Mondiale seniores"]
[Site "Lignano Sabbiadoro ITA"]
[Date "2005.09.29"]
[Round "2"]
[White "Viner, Phillip J."]
[Black "Karasev, Vladimir I."]
[Result "0-1"]
[WhiteElo "2144"]
[BlackElo "2390"]
[PlyCount "68"]
[EventDate "2005.09.28"]

1. d4 b6 2. e4 Bb7 3. Nd2 e6 4. Ngf3 c5 5. c3 cxd4 6. Nxd4 a6 7. Bd3 Qc7 8. Qe2
d6 9. O-O Nd7 10. f4 Ngf6 11. c4 Be7 12. Kh1 g6 13. b3 e5 14. fxe5 dxe5 15.
N4f3 Nc5 16. Bc2 Ne6 17. Bb2 Nd7 18. Rad1 b5 19. Bb1 b4 20. Rfe1 Nf4 21. Qf1 f6
22. g3 Ne6 23. h3 Ndc5 24. Kh2 a5 25. Qe2 a4 26. Qe3 O-O 27. Qe2 Rfd8 28. Bc2
axb3 29. axb3 Ra2 30. Rb1 Nd4 31. Nxd4 exd4 32. Bd3 Bd6 33. Rg1 Re8 34. Qf1 f5
0-1

[Event "XV C.to Mondiale seniores"]
[Site "Lignano Sabbiadoro ITA"]
[Date "2005.09.29"]
[Round "2"]
[White "Wagman, Stuart"]
[Black "Jakobsen, Ole"]
[Result "1-0"]
[WhiteElo "2142"]
[BlackElo "2385"]
[PlyCount "87"]
[EventDate "2005.09.28"]

1. e4 c5 2. Nf3 a6 3. d3 Nc6 4. g3 g6 5. Bg2 Bg7 6. O-O d6 7. Nbd2 Nf6 8. c3
O-O 9. Qe2 Bd7 10. Re1 Rc8 11. Nf1 b5 12. Bd2 Ne8 13. Ne3 Rb8 14. h4 b4 15. h5
Nc7 16. Nd5 Nb5 17. Rac1 bxc3 18. bxc3 e6 19. Ne3 Na3 20. Nd1 Nb1 21. Bf4 e5
22. h6 exf4 23. hxg7 Kxg7 24. gxf4 Qf6 25. Qe3 Na3 26. e5 Qe7 27. Qd2 d5 28.
Ne3 Be6 29. d4 Rfd8 30. Kh2 Na5 31. f5 gxf5 32. Qd3 Kh8 33. Nxf5 Bxf5 34. Qxf5
Rb6 35. Ng5 Rh6+ 36. Bh3 Rf8 37. Rg1 Nc6 38. Rg3 Nd8 39. Rcg1 f6 40. Nf3 fxe5
41. Nxe5 cxd4 42. cxd4 Rh4 43. Nd7 Re8 44. Nf6 1-0

[Event "XV C.to Mondiale seniores"]
[Site "Lignano Sabbiadoro ITA"]
[Date "2005.09.29"]
[Round "2"]
[White "Zelkind, Eduard"]
[Black "Thieme, Hans"]
[Result "1-0"]
[WhiteElo "2257"]
[BlackElo "2091"]
[PlyCount "53"]
[EventDate "2005.09.28"]

1. e4 c5 2. Nf3 e6 3. d4 cxd4 4. Nxd4 Nf6 5. Nc3 d6 6. Be3 a6 7. f3 b5 8. Qd2
Bb7 9. O-O-O Nbd7 10. Kb1 Be7 11. g4 Nb6 12. g5 Nfd7 13. Qg2 b4 14. Nce2 Rc8
15. h4 Nc4 16. Bc1 Qc7 17. Ng3 O-O 18. h5 d5 19. Bd3 Bd6 20. Nge2 Nce5 21. g6
Nxd3 22. cxd3 Nc5 23. Rdg1 f6 24. h6 hxg6 25. Qxg6 Rf7 26. hxg7 Rxg7 27. Qh7+
1-0

[Event "XV C.to Mondiale seniores"]
[Site "Lignano Sabbiadoro ITA"]
[Date "2005.09.29"]
[Round "2"]
[White "Zilahi, Gabor"]
[Black "Van den Berg, Adrianus M.J."]
[Result "1/2-1/2"]
[WhiteElo "2117"]
[BlackElo "2298"]
[PlyCount "67"]
[EventDate "2005.09.28"]

1. d4 c5 2. d5 Nf6 3. Nc3 d6 4. e4 g6 5. Nf3 Bg7 6. h3 O-O 7. Be2 Na6 8. Nd2
Nc7 9. a4 b6 10. O-O Rb8 11. Nc4 Ba6 12. Na3 Bxe2 13. Qxe2 a6 14. Bg5 h6 15.
Bf4 Qd7 16. Nc4 b5 17. axb5 axb5 18. Na5 b4 19. Na4 Nb5 20. Nc6 Rb7 21. Rfd1
Re8 22. Qf3 g5 23. Bg3 Nd4 24. Nxd4 cxd4 25. e5 g4 26. hxg4 Nxg4 27. e6 fxe6
28. Qxg4 exd5 29. Qxd7 Rxd7 30. Nb6 Rc7 31. Nxd5 Rxc2 32. Nxb4 Rxb2 33. Nd3 Rb3
34. Ra7 1/2-1/2

[Event "XV C.to Mondiale seniores"]
[Site "Lignano Sabbiadoro ITA"]
[Date "2005.09.29"]
[Round "2"]
[White "Zurel, Maxim"]
[Black "Davydov, Mikhail"]
[Result "1/2-1/2"]
[WhiteElo "1945"]
[BlackElo "2144"]
[PlyCount "59"]
[EventDate "2005.09.28"]

1. e4 c6 2. d4 d5 3. e5 Bf5 4. Bd3 Bxd3 5. Qxd3 e6 6. Nf3 Qa5+ 7. Bd2 Qa6 8.
O-O Qxd3 9. cxd3 Na6 10. a3 Ne7 11. b4 Nc7 12. Nc3 h5 13. Rab1 Nb5 14. Nxb5
cxb5 15. Rfc1 Nc6 16. Rc2 Be7 17. Kf1 Kd7 18. h4 a6 19. Be3 Rhc8 20. Bd2 f6 21.
Be3 Rc7 22. Bf4 Rac8 23. Be3 Nd8 24. Rcc1 Rxc1+ 25. Rxc1 a5 26. Ke2 axb4 27.
axb4 Nc6 28. Bd2 Bxb4 29. Rxc6 bxc6 30. Bxb4 1/2-1/2

[Event "XV C.to Mondiale seniores"]
[Site "Lignano Sabbiadoro ITA"]
[Date "2005.09.30"]
[Round "3"]
[White "Akopian, Gagik"]
[Black "Taksrud, Vidar"]
[Result "1-0"]
[WhiteElo "2258"]
[BlackElo "2049"]
[PlyCount "91"]
[EventDate "2005.09.28"]

1. e4 c5 2. Nf3 e6 3. d4 cxd4 4. Nxd4 Nf6 5. Bd3 Nc6 6. Be3 Qc7 7. Nd2 a6 8.
O-O d5 9. Nxc6 bxc6 10. f4 dxe4 11. Bxe4 Rb8 12. b3 Bb4 13. Qf3 Nd5 14. Nc4
Nxe3 15. Bxc6+ Kf8 16. Nxe3 Bc5 17. Be4 f5 18. Bd3 Bb7 19. Qh3 Qc6 20. Rae1 Rd8
21. Kh1 Rd4 22. Nc4 Bb4 23. Re2 Qc8 24. Qe3 Re4 25. Bxe4 Bxe4 26. Ne5 Qc7 27.
Qd4 Bc3 28. Qc5+ Qxc5 29. Nd7+ Kf7 30. Nxc5 Bd5 31. Na4 Bd4 32. Rd1 Bf6 33. c4
Bc6 34. Nc5 a5 35. Nxe6 Rc8 36. Nd4 Be4 37. Nb5 Be7 38. Nd6+ Bxd6 39. Rxd6 a4
40. Kg1 Rb8 41. Re3 Ke7 42. Rd4 Kf6 43. c5 axb3 44. axb3 Ra8 45. Rexe4 fxe4 46.
Rxe4 1-0

[Event "XV C.to Mondiale seniores"]
[Site "Lignano Sabbiadoro ITA"]
[Date "2005.09.30"]
[Round "3"]
[White "Altshul, Raffael"]
[Black "Chernikov, Oleg L."]
[Result "1/2-1/2"]
[WhiteElo "2268"]
[BlackElo "2410"]
[PlyCount "65"]
[EventDate "2005.09.28"]

1. Nf3 d5 2. c4 e6 3. d4 c6 4. Qc2 dxc4 5. Qxc4 b5 6. Qc2 Bb7 7. g3 Nd7 8. Bg2
c5 9. O-O cxd4 10. Nxd4 Bxg2 11. Kxg2 Qb6 12. Rd1 Ngf6 13. a4 Bc5 14. Nxb5 a6
15. b4 axb5 16. bxc5 Qc6+ 17. Kg1 bxa4 18. Bf4 O-O 19. Rd4 Qxc5 20. Rc4 Qa5 21.
Nc3 a3 22. Ra4 Qc5 23. Qd3 Rfc8 24. Bd6 Qc6 25. Rxa8 Rxa8 26. Rxa3 Rxa3 27.
Bxa3 h5 28. h3 Ne5 29. Qd4 Ng6 30. Qd8+ Kh7 31. Qd3 e5 32. Bc1 e4 33. Qd4
1/2-1/2

[Event "XV C.to Mondiale seniores"]
[Site "Lignano Sabbiadoro ITA"]
[Date "2005.09.30"]
[Round "3"]
[White "Belloni, Umberto"]
[Black "Frank, Albert"]
[Result "0-1"]
[WhiteElo "1910"]
[BlackElo "2050"]
[PlyCount "90"]
[EventDate "2005.09.28"]

1. e4 c5 2. Nf3 a6 3. d3 Nc6 4. Bg5 Qa5+ 5. c3 e6 6. Nbd2 d5 7. e5 Nge7 8. Bh4
Nf5 9. Bg5 h6 10. Bf4 Bd7 11. g4 Nfe7 12. Nb3 Qa4 13. d4 Ng6 14. Bd2 c4 15. Nc1
Qxd1+ 16. Kxd1 f6 17. exf6 gxf6 18. h3 Bd6 19. Ne2 O-O-O 20. b3 Na5 21. b4 Ba4+
22. Kc1 Nc6 23. Kb2 Kc7 24. Bg2 e5 25. Rae1 e4 26. Nh2 a5 27. a3 axb4 28. axb4
Ra8 29. Nc1 Nh4 30. Reg1 Ra7 31. f4 Rha8 32. Bxe4 dxe4 33. Be3 Ne7 34. d5 Ra6
35. b5 Bxb5 36. Rd1 Ba3+ 37. Kb1 Bd6 38. Kb2 Ng2 39. Nf1 Nxe3 40. Nxe3 Bxf4 41.
Rhe1 Bxe3 42. Rxe3 Ba4 43. Rd4 Rb6+ 44. Ka1 Bc2+ 45. Na2 Rb1# 0-1

[Event "XV C.to Mondiale seniores"]
[Site "Lignano Sabbiadoro ITA"]
[Date "2005.09.30"]
[Round "3"]
[White "Beltrami, Nerio"]
[Black "MacDonald-Ross, Michael"]
[Result "1-0"]
[WhiteElo "2045"]
[BlackElo "2233"]
[PlyCount "61"]
[EventDate "2005.09.28"]

1. e4 c6 2. Nf3 d5 3. Nc3 Bg4 4. h3 Bh5 5. d4 dxe4 6. Nxe4 Nf6 7. Nxf6+ gxf6 8.
Be2 e6 9. Qd2 Nd7 10. b3 Qc7 11. Bb2 Rg8 12. g3 Rxg3 13. Ne5 Rg5 14. Ng4 Rg6
15. O-O-O f5 16. Ne3 Bxe2 17. Qxe2 O-O-O 18. Kb1 Bh6 19. Nc4 Bf4 20. Bc3 Rdg8
21. Ba5 Qb8 22. Rhe1 R6g7 23. Ne5 Qd6 24. c4 Nf6 25. Qf3 Bh2 26. Bc3 Ne4 27.
Bb2 Bxe5 28. dxe5 Nd2+ 29. Kc1 Nxf3 30. exd6 Nxe1 31. d7+ 1-0